000 00266nam a22001217a 4500
008 170227b xxu||||| |||| 00| 0 alb d
041 _aalb
080 _a577
100 _a5
101 _aSHMB
245 _aBIOKIMIA NE PRAKTIKEN KLINIKE
_cSHTETO, K
942 _2udc
_cBK
999 _c6334
_d6334